| 000 | 00555nam a2200229Ia 4500 | ||
|---|---|---|---|
| 003 | OSt | ||
| 005 | 20240320154407.0 | ||
| 008 | 210210b1923 xxu||||| |||| 00| 0 eng d | ||
| 040 | _cAL | ||
| 041 | _aeng | ||
| 082 | _a822/469 | ||
| 100 |
_aGOLDSMITH (Oliver) _9155770 |
||
| 245 | _aShe stoops to conquer | ||
| 260 |
_aLondon _bBlackie and Son Limited _c1923 |
||
| 650 |
_ato _9155771 |
||
| 650 |
_astoops _9155772 |
||
| 650 |
_aShe _9155773 |
||
| 650 |
_aconquer _9155774 |
||
| 690 |
_aEnglish Prose _9155775 |
||
| 906 | _a012655 | ||
| 942 |
_2ddc _cBK |
||
| 999 |
_c131465 _d131465 |
||